Statistics for Top 10 Most Powerful People

Click here to take the quiz!

General Stats

  • This quiz has been taken 61 times
  • The average score is 5 of 10

Answer Stats

Hint Answer % Correct
2nd Place:President who beat candidate Mitt Romney in the 2012 electionsBarack Obama
93%
7th Place: Recently the world's richest man, also the co-founder of MicrosoftBill Gates
87%
1st Place: President mulling over his forth term in this previously Communist countryVladimir Putin
87%
5th Place:Chancellor of the Bundesrepublik Deutschland, to use its local nameAngela Merkel
84%
4th Place: Current head of the Catholic ChurchPope Francis
82%
10th Place: Kept this European country from splitting in the middle (think #YesBecause, #NoBecause)David Cameron
26%
3rd Place: The president of ChinaXi Jinping
26%
8th Place: President of the European Central Bank (ECB)Mario Draghi
16%
6th Place: The chair of the U.S. Federal ReservesJanet Yellen
7%
9th place: The two Google co-founders both share 9th placeSergey Brin, Larry Page
3%

Score Distribution

Percentile by Number Answered

Percent of People with Each Score

Your Score History

You have not taken this quiz